Neoklassische Wachstumstheorie, Freihandel und internationaler Kapitalverkehr

Guardado en:
Detalles Bibliográficos
Autor principal: Utecht, Burkhard
Formato: Libro
Lenguaje:alemán
Publicado: Berlin Duncker und Humblot 1996
Edición:1. Aufl.
Colección:Volkswirtschaftliche Schriften Heft 460
Materias:
Etiquetas: Agregar Etiqueta
Sin Etiquetas, Sea el primero en etiquetar este registro!

MARC

LEADER 00000nam a2200000 4500
001 c017690
005 20221205125457.0
020 |a 3-428-08796-8 
041 0 |a ger 
044 |a DE 
245 1 0 |a Neoklassische Wachstumstheorie, Freihandel und internationaler Kapitalverkehr  |c Burkhard Utecht 
250 |a 1. Aufl. 
264 1 |a Berlin  |b Duncker und Humblot  |c 1996 
300 |a 291 s. 
490 1 |a Volkswirtschaftliche Schriften  |v Heft 460 
830 0 |a Volkswirtschaftliche Schriften  |v Heft 460 
610 2 0 |a teórie ekonomické 
610 2 0 |a teórie rastu hospodárskeho 
610 2 0 |a obchod voľný 
610 2 0 |a pohyb kapitálu 
610 2 0 |a pokrok technický 
610 2 0 |a modelovanie 
610 2 0 |a sporenie obyvateľstva 
610 2 0 |a kapitál zahraničný 
610 2 0 |a ceny 
610 2 0 |a tovar 
610 2 0 |a rovnováha trhová 
610 2 0 |a dopyt 
610 2 0 |a ponuka 
610 2 0 |a modely rastu 
610 2 0 |a stabilita hospodárstva 
100 1 |a Utecht, Burkhard